000
00364nam a2200157 a 4500
001
0042
005
20140414132021.0
008
040202s19uu xx 00 eng d
020
_a
0-590-45884-1
050
_a
TR
_b
F65 1986
100
_a
McKissack, P.
245
_a
Flossie and the fox.
260
_b
Scholastic,
_c
1986.
300
_a
p. ; cm.
999
_c
113470
_d
113470